Hazai tudományos fokozatok neveléstudományból 1964-1975 között

Elmentve itt :
Bibliográfiai részletek
Dokumentumtípus: Cikk
Megjelent: 1975
Sorozat:Magyar pedagógia : a Magyar Tudományos Akadémia Pedagógiai Bizottságának folyóirata 75 No. 2
Kulcsszavak:Tudományos minősítés Magyarország 1964-1975, Tudományos minősítés
Online Access:http://misc.bibl.u-szeged.hu/12728
LEADER 00697nab a2200169 i 4500
001 misc12728
005 20191106141534.0
008 170607s1975 hu o 0|| hun d
022 |a 0025-0260 
040 |a SZTE Miscellanea Repozitórium  |b hun 
041 |a hun 
245 0 0 |a Hazai tudományos fokozatok neveléstudományból 1964-1975 között  |h [elektronikus dokumentum] 
260 |c 1975 
300 |a 213-219 
490 0 |a Magyar pedagógia : a Magyar Tudományos Akadémia Pedagógiai Bizottságának folyóirata  |v 75 No. 2 
695 |a Tudományos minősítés Magyarország 1964-1975, Tudományos minősítés 
856 4 0 |u http://misc.bibl.u-szeged.hu/12728/1/mp_1975_002_5172_213-219.pdf  |z Dokumentum-elérés